| 000 | 01169cam a2200325 a 4500 | ||
|---|---|---|---|
| 001 | 17070522 | ||
| 003 | Nust- CAS-E0 | ||
| 005 | 20180118181354.0 | ||
| 008 | 111203s2012 fluaf b 001 0 eng | ||
| 010 | _a 2011046925 | ||
| 016 | 7 |
_a015830551 _2Uk |
|
| 020 | _a9781439856147 | ||
| 020 | _a1439856141 | ||
| 035 | _a(OCoLC)ocn654318172 | ||
| 040 |
_aDLC _beng _cDLC _dYDX _dBTCTA _dUKMGB _dWNE _dYDXCP _dE7B _dBWX _dDLC |
||
| 042 | _apcc | ||
| 050 | 0 | 0 |
_aTK1541 _b.A43 2012 |
| 082 | 0 | 0 |
_a621.31/2136 _223 _bALI 2012 |
| 100 | 1 | _aAli, Mohd. Hasan. | |
| 245 | 1 | 0 |
_aWind energy systems : _bsolutions for power quality and stabilization / _cMohd. Hasan Ali. |
| 260 |
_aBoca Raton, FL : _bCRC Press, _cc2012. |
||
| 300 |
_axvii, 269 p., [16] p. of plates : _bill. (some col.) ; _c25 cm. |
||
| 504 | _aIncludes bibliographical references and index. | ||
| 650 | 0 | _aWind energy conversion systems. | |
| 650 | 0 | _aWind power plants. | |
| 856 | 4 | 0 |
_uhttp://site.ebrary.com/id/10531161 _3ebrary |
| 906 |
_a7 _bcbc _corignew _d1 _eecip _f20 _gy-gencatlg |
||
| 942 |
_2ddc _cBK |
||
| 999 |
_c355247 _d355247 |
||